00781nam a2200241 a 450000100060000000300080000600500170001400800410003102000140007203500200008604000270010604100080013308200300014110000440017124500510021526000770026630000320034349000430037550000200041865100290043865100290046783000430049642120BD-RjUL20211209053509.0160609s19681965enkb 001 0 eng d a70110869X a(BD-RjUL) 42238 aKKUcKKUbengdBD-RjUL aeng 223a355.033254bKES 19681 aKennedy, D. E.q(Donald Edward),d1928-14aThe security of Southern Asia /cD. E. Kennedy aLondon :bChatto & Windus for the Institute for Strategic Studies,c1965 axi, 308 p. :bill. ;c23 cm1 aStudies in international security ;v8 aIncludes index. 0aSoutheast AsiaxDefenses 0aSoutheast AsiaxPolitics 0aStudies in international security ;v8